Recent economic trends in japan in 1977 and thereafter

Đã lưu trong:
书目详细资料
格式: 图书
语言:Undetermined
出版: Tokyo The Bank of Japan 1977
主题:
标签: 添加标签
没有标签, 成为第一个标记此记录!
Thư viện lưu trữ: Trung tâm Học liệu Trường Đại học Cần Thơ
LEADER 00412nam a2200145Ia 4500
001 CTU_78894
008 210402s9999 xx 000 0 und d
082 |a 330.9 
082 |b R294 
245 0 |a Recent economic trends in japan in 1977 and thereafter 
260 |a Tokyo 
260 |b The Bank of Japan 
260 |c 1977 
650 |a Economic development 
980 |a Trung tâm Học liệu Trường Đại học Cần Thơ